| 000 | 00582nam a22002057a 4500 | ||
|---|---|---|---|
| 003 | LK-CoMWRAF | ||
| 005 | 20230910074624.0 | ||
| 008 | 230910b2011 |||||||| |||| 00| 0 eng d | ||
| 020 | _a 9789556250374 | ||
| 040 |
_aLK-CoMWRAF _dLK-CoMWRAF _eLK-CoMWRAF |
||
| 041 | _aeng | ||
| 082 |
_a340.59 _bMAC |
||
| 100 | _aMohamed Mackie, A. M. | ||
| 245 | _aCode of ethics for Quazis | ||
| 260 |
_aColombo : _bMuslim women’s research and action forum, _c2011 |
||
| 300 | _a15p ; 21 cm | ||
| 650 | _aJudicial ethics-Sri Lanka | ||
| 650 | _aJudges (Islamic law)-Sri Lanka | ||
| 942 | _cBK | ||
| 999 |
_c3530 _d3530 |
||